00330nam a2200121Ia 4500008004100000041001200041082001500053100003000068245004800098260003500146300000800181650001900189231217s9999 xx 000 0 und d aEnglish a294.5 VRA aVrajaprana,Pravrajika Ed. 0aLiving wisdom: Vedanta in a world community c1995bRamakrishna Math, Madras a299 aWisdom Vedanta